<?xml version="1.0" encoding="UTF-8"?>
<collection xmlns="http://www.loc.gov/MARC21/slim">
  <record>
    <leader>00000nam  2200000   4500</leader>
    <controlfield tag="001">INLIS000000000020373</controlfield>
    <controlfield tag="005">20250616030341</controlfield>
    <datafield tag="035" ind1="#" ind2="#">
      <subfield code="a">0010-0625000115</subfield>
    </datafield>
    <controlfield tag="007">ta</controlfield>
    <controlfield tag="008">250616################|##########|#|##</controlfield>
    <datafield tag="084" ind1="#" ind2="#">
      <subfield code="a">R 085 PKN II 2023</subfield>
    </datafield>
    <datafield tag="100" ind1=" " ind2="#">
      <subfield code="a">Endang Supriyadi</subfield>
    </datafield>
    <datafield tag="245" ind1="1" ind2="#">
      <subfield code="a">Strategi Peningkatan Investasi Berbasis Pelayanan Digital dan Pemberian Insentif di Kota Pangkalpinang /</subfield>
      <subfield code="c">Endang Supriyadi</subfield>
    </datafield>
    <datafield tag="260" ind1="#" ind2="#">
      <subfield code="a">Jakarta :</subfield>
      <subfield code="b">Pusbangkom Pimnas dan Manajerial ASN,</subfield>
      <subfield code="c">2023</subfield>
    </datafield>
    <datafield tag="300" ind1="#" ind2="#">
      <subfield code="a">48 hlm. ;</subfield>
      <subfield code="c">30 cm</subfield>
    </datafield>
    <datafield tag="650" ind1="#" ind2="4">
      <subfield code="a">Investasi</subfield>
    </datafield>
    <datafield tag="650" ind1="#" ind2="4">
      <subfield code="a">Layanan Digital</subfield>
    </datafield>
    <datafield tag="520" ind1="#" ind2="#">
      <subfield code="a">Pemberian kemudahan dan insentif investasi dilakukan untuk menarik investor untuk berinvestasi di Kota Pangkalpinang, Untuk itu, perlu diatur dalam peraturan pelaksanaannya yang disusun berdasarkan hasil kolaborasi, sinkronisasi dan sinergitas antara pemerintah dan stakeholder. Selanjutnya dalam upaya meningkatkan investasi berbasis pelayanan digital penyelenggarakan perizinan dan non perizinan melalui sistem OSS-RBA (Online Single Submission Risk Based Approach), SiCantik Cloud, dan SIMBG, serta SIPEMIKAT INVESTOR.</subfield>
    </datafield>
    <datafield tag="990" ind1="#" ind2="#">
      <subfield code="a">2407085</subfield>
    </datafield>
  </record>
</collection>
